RICS UK climate change action plan (Record no. 110285)
[ view plain ]
| 000 -LEADER | |
|---|---|
| fixed length control field | 01432cad a22002535a 4500 |
| 001 - CONTROL NUMBER | |
| control field | L148916 |
| 008 - FIXED-LENGTH DATA ELEMENTS--GENERAL INFORMATION | |
| fixed length control field | 091130s2009 xxkab f 000 0 eng d |
| 035 ## - SYSTEM CONTROL NUMBER | |
| System control number | (Sirsi) u148916 |
| 041 0# - LANGUAGE CODE | |
| Language code of text/sound track or separate title | eng |
| 050 04 - LIBRARY OF CONGRESS CALL NUMBER | |
| Classification number | 333.72 $2 18 |
| 100 2# - MAIN ENTRY--PERSONAL NAME | |
| Personal name | Hartenberger, Ursula |
| 245 00 - TITLE STATEMENT | |
| Title | RICS UK climate change action plan |
| Medium | [electronic resource] |
| 260 ## - PUBLICATION, DISTRIBUTION, ETC. | |
| Place of publication, distribution, etc. | London |
| Name of publisher, distributor, etc. | RICS |
| Date of publication, distribution, etc. | 2009 |
| 490 #0 - SERIES STATEMENT | |
| Series statement | RICS Policy |
| Volume/sequential designation | November 2009 |
| 505 2# - FORMATTED CONTENTS NOTE | |
| Formatted contents note | Executive summary -- Message from RICS Chief Executive -- Climate change: why should RICS and its members be involved -- RICS global actions on climate change -- Climate change action plan: UK nations and regions -- UK policy context: RICS response to date on climate change - a status report; RICS across the nations and regions of the UK -- Acknowledgements and references |
| 520 ## - SUMMARY, ETC. | |
| Summary, etc. | Sets out, in the context of current global policy across the world regions, why the property profession needs to engage actively on climate change. It identifies the principles RICS will apply to focus its activity within the UK and sets out the key elements of a work plan for the next 12 months. |
| 521 ## - TARGET AUDIENCE NOTE | |
| Target audience note | Advanced |
| 590 ## - LOCAL NOTE (RLIN) | |
| Local note | KA |
| 651 #4 - SUBJECT ADDED ENTRY--GEOGRAPHIC NAME | |
| Geographic name | United Kingdom |
| Chronological subdivision | |
| 690 ## - LOCAL SUBJECT ADDED ENTRY--TOPICAL TERM (OCLC, RLIN) | |
| Topical term or geographic name as entry element | ENVIRONMENTAL AND LAND CONSULTANCY-SUSTAINABILITY |
| 700 1# - ADDED ENTRY--PERSONAL NAME | |
| Personal name | Cook, Daniel |
| 856 40 - ELECTRONIC LOCATION AND ACCESS | |
| Uniform Resource Identifier | <a href="https://www.rics.org/site/scripts/download_info.aspx?fileID=5147">https://www.rics.org/site/scripts/download_info.aspx?fileID=5147</a> |
| Public note | View the action plan free of charge at www.rics.org... |
| 942 ## - ADDED ENTRY ELEMENTS (KOHA) | |
| Suppress in OPAC | 0 |
| Withdrawn status | Lost status | Source of classification or shelving scheme | Damaged status | Not for loan | Home library | Current library | Shelving location | Date acquired | Total Checkouts | Full call number | Barcode | Date last seen | Copy number | Price effective from | Koha item type |
|---|---|---|---|---|---|---|---|---|---|---|---|---|---|---|---|
| Dewey Decimal Classification | Virtual | Virtual | Online | 30/11/2009 | ONLINE PUBLICATION | 148916-2001 | 06/08/2019 | 1 | 06/08/2019 | Book |